Un lugar en el mundo (Registro nro. 54455)
[ vista simple ]
| 000 -CABECERA | |
|---|---|
| campo de control de longitud fija | 01729ngm a22002890a 4500 |
| 001 - NÚMERO DE CONTROL | |
| campo de control | PT16757 |
| 003 - IDENTIFICADOR DEL NÚMERO DE CONTROL | |
| campo de control | AR-LpoUNG |
| 005 - FECHA Y HORA DE LA ÚLTIMA TRANSACCIÓN | |
| campo de control | 20210408170803.0 |
| 007 - CAMPO FIJO DE DESCRIPCIÓN FÍSICA--INFORMACIÓN GENERAL | |
| campo de control de longitud fija | vd cvaizq |
| 008 - DATOS DE LONGITUD FIJA--INFORMACIÓN GENERAL | |
| campo de control de longitud fija | 191001suuuu||||ag |||||||||||||||||spa d |
| 037 ## - FUENTE DE ADQUISICIÓN | |
| Condiciones de disponibilidad | $8.30 |
| 040 ## - FUENTE DE LA CATALOGACIÓN | |
| Centro catalogador/agencia de origen | AR-LpoUNG |
| Lengua de catalogación | spa |
| Centro/agencia transcriptor | AR-LpoUNG |
| Normas de descripción | aacr |
| 041 ## - CÓDIGO DE LENGUA | |
| Código de lengua del texto/banda sonora o título independiente | spa |
| 044 ## - CÓDIGO DEL PAÍS DE LA ENTIDAD EDITORA/PRODUCTORA | |
| Código MARC del país | ag |
| 082 0# - NÚMERO DE LA CLASIFICACIÓN DECIMAL DEWEY | |
| Número de clasificación | 302.1 714lug |
| 100 1# - ENTRADA PRINCIPAL--NOMBRE DE PERSONA | |
| Nombre de persona | Aristarain, Adolfo |
| Término indicativo de función/relación | dir. |
| 245 13 - MENCIÓN DE TÍTULO | |
| Título | Un lugar en el mundo |
| 260 ## - PUBLICACIÓN, DISTRIBUCIÓN, ETC. | |
| Lugar de publicación, distribución, etc. | Buenos Aires : |
| Nombre del editor, distribuidor, etc. | Transmundo Home Video, |
| Fecha de publicación, distribución, etc. | s.f. |
| 300 ## - DESCRIPCIÓN FÍSICA | |
| Extensión | VHS : son., col. |
| 505 0# - NOTA DE CONTENIDO CON FORMATO | |
| Nota de contenido con formato | Hecha en 1992. - Créditos: Guión, Adolfo Aristarain según un argumento de Adolfo Aristarain y Kathy Saavedra con la colaboración de: Alberto Lecchi; producción, Adolfo Aristarain y Osvaldo Papaleo; dirección de producción, Noemí Nemirovsky; jefe de producción, Beatriz Heiras; asistente de dirección, Fernando Bassi; fotografía, Ricardo de Angelis (h); cámara, Aldo Lobótrico; dirección de arte, Abel Facello; vestuario, Kathy Saavedra; montaje, Eduardo López; música, interpretada por Emilio Kauderer; Sonido, José Luis Díaz; Ayudante de dirección, Nicolás Tuozzo. - Elenco: José Sacristán (Hans Mayer Plaza), Federico Luppi (Mario Dominicci), Cecilia Roth (Ana Dominicci), Leonor Benedetto (Nelda), Gastón Batyi (Ernesto Dominicci), Rodolfo Ranni (Andrada), Hugo Arana (Zamora), Lorena del Río (Luciana), Mario Alarcón (Juan). |
| 520 ## - SUMARIO, ETC. | |
| Sumario, etc. | La historia es la de un joven que relata los sucesos importantes de su adolescencia en un pueblito de San Luis. Un film que tiene que ver con las raíces de cada uno, ésas que uno tarde o temprano busca. |
| 651 #4 - PUNTO DE ACCESO ADICIONAL DE MATERIA--NOMBRE GEOGRÁFICO | |
| Nombre geográfico | Argentina |
| 653 ## - TÉRMINO DE INDIZACIÓN--NO CONTROLADO | |
| Término no controlado | CINE ARGENTINO |
| 653 ## - TÉRMINO DE INDIZACIÓN--NO CONTROLADO | |
| Término no controlado | VIDEOS |
| 905 ## - ELEMENTOS DE DATOS E LOCAL, LDE (RLIN) | |
| a | 16757 |
| 942 ## - ELEMENTOS DE PUNTO DE ACCESO ADICIONAL (KOHA) | |
| Tipo de ítem Koha | |
| Estado de retiro | Estado de pérdida | Estado dañado | No para préstamo | Código de colección | Localización permanente | Ubicación/localización actual | Fecha de adquisición | Total de préstamos | Signatura topográfica completa | Código de barras | Fecha visto por última vez | Precio válido a partir de | Tipo de ítem Koha |
|---|---|---|---|---|---|---|---|---|---|---|---|---|---|
| Colección Cine | Biblioteca Universidad Nacional de General Sarmiento | Biblioteca Universidad Nacional de General Sarmiento | 02/02/2021 | 302.1 714lug | 00018156 | 02/02/2021 | 02/02/2021 | Video | |||||
| Colección Cine | Biblioteca Universidad Nacional de General Sarmiento | Biblioteca Universidad Nacional de General Sarmiento | 02/02/2021 | 302.1 714lug | 00040143 | 02/02/2021 | 02/02/2021 | Video |